000 00732nam a2200253Ia 4500
003 OSt
005 20221005041013.0
006 a|||||r|||| 00| 0
007 ta
008 221004b |||||||| |||| 00| 0 eng d
024 _a62487
037 _cTextual
040 _aCRL
_cCRL
_beng
041 _2eng
_aeng
082 _aV2,4M85x, M8
100 _aSisson Richard Ed.
245 0 _aCongress and Indian nationalism
_b The pre-independence phase.
260 _aDelhi
_bOxford University Press India
_c1988
300 _a420p.
_ccm.
650 _aHISTORY
700 _a Wolpert Stanley Ed.
_9434839
942 _hV2,4M85x, M8
_cTEXL
_2cc
999 _c947798
_d947798